LIBRARY & INFORMATION CENTRE, KCAET, TAVANUR

ONLINE PUBLIC ACCESS CATALOGUE (OPAC)

Normal view MARC view
  • Sharma, Harish

Entry Personal Name

Number of records used in: 1

001 - CONTROL NUMBER

  • control field: 3082

003 - CONTROL NUMBER IDENTIFIER

  • control field: OSt

005 - DATE AND TIME OF LATEST TRANSACTION

  • control field: 20180521114320.0

008 - FIXED-LENGTH DATA ELEMENTS

  • fixed length control field: 180521|| aca||aabn | a|a d

040 ## - CATALOGING SOURCE

  • Original cataloging agency: OSt
  • Transcribing agency: OSt

100 ## - HEADING--PERSONAL NAME

  • Personal name: Sharma, Harish

670 ## - SOURCE DATA FOUND

  • Source citation: Work cat.: (OSt): Sharma, Harish, Objective questions in dairy science and technology and food and dairy engineering, 2017
free website counter